Arquitectura: libros I-V
Sábháilte in:
| Príomhchruthaitheoir: | |
|---|---|
| Formáid: | LEABHAR |
| Teanga: | Spáinnis |
| Foilsithe / Cruthaithe: |
Madrid
Gredos
2008
|
| Sraith: | Biblioteca Clásica Gredos, 367
|
| Ábhair: | |
| Clibeanna: |
Cuir clib leis
Níl clibeanna ann, Bí ar an gcéad duine le clib a chur leis an taifead seo!
|
MARC
| LEADER | 00000cam a2200000 a 4500 | ||
|---|---|---|---|
| 001 | UCG8898 | ||
| 003 | CL-VaPUC | ||
| 008 | 120106e20080000SP |||||||||||||||||spa|d | ||
| 020 | |a 9788424902100 | ||
| 082 | 0 | 4 | |a 722.7 |b VIT |2 21 |
| 100 | 0 | |a Vitruvio |e author |9 560160 | |
| 245 | 1 | 0 | |a Arquitectura: libros I-V |
| 300 | |a 477 p | ||
| 942 | |c BK | ||
| 945 | |d 20120106 00:00:00 |a dcastane | ||
| 260 | |a Madrid |b Gredos |c 2008 | ||
| 600 | 0 | 7 | |a VITRUVIO POLION, MARCO LUCIO |2 CL-VaPUC |9 440651 |
| 650 | 0 | |a Arquitectura antigua |9 262616 | |
| 650 | 0 | |a Arquitectura romana |9 314422 | |
| 650 | 0 | |a Diseño arquitectónico |9 265271 | |
| 583 | |a last modification |c 20120106 11:45:00 |k Rodrigo Vera | ||
| 490 | 0 | |a Biblioteca Clásica Gredos, 367 | |
| 999 | |c 346485 |d 346483 | ||
| 952 | |0 0 |1 0 |4 0 |6 722_700000000000000_VIT_2008 |7 0 |8 X |9 447180 |a BIBHIS |b BIBHIS |d 2019-11-22 |i 4819527 |l 2 |o 722.7 VIT 2008 |p 4819527 |r 2024-09-27 |s 2024-09-27 |w 2019-11-22 |y BK_X |k HIS | ||